000 00658nam a2200217Ia 4500
005 20250508154353.0
008 008 250505s9999 xx 000 0 eng d
037 _aTextual
040 _aFEDL
_beng
_cFEDL
041 _aeng
_2eng
084 _a300.7, DRA
_qFEDL
100 _aDray Joan
_9757639
245 0 _aHandbook of social studies : For teachers in secondary schools and county colleges
260 _aLondon, UK
_bMethuen and Co. Ltd
_c1962
300 _ax, 154p
365 _aINR
_b10
650 _aSocial Sciences-teaching
_9757285
700 _a Jordan David
_9765370
942 _cTEXL
_h300.7, DRA
999 _c1349779
_d1349779